[Event "Pula op 29th"]
[Site "Pula"]
[Date "2015.06.17"]
[Round "6"]
[White "Krebs, Johann"]
[Black "Pregarac, Valter"]
[Result "1-0"]
[WhiteElo "2272"]
[BlackElo "2124"]
[PlyCount "159"]
[EventDate "2015.06.13"]
[EventType "swiss"]
[EventRounds "9"]
[EventCountry "CRO"]
[SourceTitle "CBM 167 Extra"]
[Source "ChessBase"]
[SourceDate "2015.09.14"]
[SourceVersion "1"]
[SourceVersionDate "2015.09.14"]
[SourceQuality "1"]

1. d4 Nf6 2. c4 e6 3. Nc3 Bb4 4. Qc2 0-0 5. a3 Bxc3+ 6. Qxc3 b5 7. cxb5 c6 8. Bg5 cxb5 9. e3 Bb7 10. Nf3 h6 11. Bh4 a6 12. Bd3 Nc6 13. 0-0 Rc8 14. Qd2 g5 15. Bg3 Na5 16. Rac1 Nb3 17. Rxc8 Nxd2 18. Rxd8 Nxf3+ 19. gxf3 Rxd8 20. e4 Rc8 21. h4 Nh5 22. hxg5 hxg5 23. Kg2 f6 24. Rh1 Nxg3 25. fxg3 Kg7 26. Kf2 e5 27. dxe5 fxe5 28. Ke3 Rf8 29. Rc1 Bc6 30. b4 Rh8 31. a4 Rh3 32. g4 Kf6 33. Rc5 Rh2 34. axb5 axb5 35. Bxb5 Bxb5 36. Rxb5 Rb2 37. Rb8 Rb3+ 38. Kf2 Rb2+ 39. Kg3 Kf7 40. b5 Kg7 41. b6 Kf7 42. b7 Kg7 43. Re8 Rxb7 44. Rxe5 Kf6 45. Rf5+ Kg6 46. Rd5 Kf6 47. Rd6+ Ke7 48. Rd5 Kf6 49. Rf5+ Kg6 50. Kf2 Rb3 51. Ke2 Ra3 52. Rd5 Ra7 53. Rd6+ Kf7 54. Ke3 Ke7 55. e5 Ra1 56. Rf6 Re1+ 57. Kd4 Rd1+ 58. Ke4 d5+ 59. Kf5 Re1 60. Re6+ Kf7 61. Rd6 Re3 62. Rd7+ Ke8 63. Rxd5 Rxf3+ 64. Kxg5 Kf7 65. Rd6 Re3 66. e6+ Ke7 67. Ra6 Rg3 68. Kf5 Rf3+ 69. Kg6 Rg3 70. g5 Rg1 71. Kh6 Rh1+ 72. Kg7 Rg1 73. g6 Rb1 74. Ra7+ Kxe6 75. Ra2 Rg1 76. Rf2 Rg3 77. Kh7 Rh3+ 78. Kg8 Rg3 79. g7 Rg4 80. Kf8 1-0

[Event "Nova Gorica op-A 20th"]
[Site "Nova Gorica"]
[Date "2015.02.02"]
[Round "6"]
[White "Kerigan, Demre"]
[Black "Pregarac, Valter"]
[Result "1-0"]
[WhiteElo "2311"]
[BlackElo "2164"]
[PlyCount "59"]
[EventDate "2015.01.30"]
[EventType "swiss"]
[EventRounds "9"]
[EventCountry "SLO"]
[SourceTitle "CBM 164 Extra"]
[Source "ChessBase"]
[SourceDate "2015.03.02"]
[SourceVersion "1"]
[SourceVersionDate "2015.03.02"]
[SourceQuality "1"]

1. e4 e5 2. Nf3 Nc6 3. d4 exd4 4. Nxd4 Nf6 5. Nc3 Bb4 6. Nxc6 bxc6 7. Bd3 d5 8. exd5 0-0 9. 0-0 cxd5 10. h3 c6 11. Qf3 Bd6 12. Bf4 Be6 13. Ne2 Rb8 14. b3 c5 15. Rad1 Rb6 16. Bxd6 Rxd6 17. Nf4 Bc8 18. c4 d4 19. Rfe1 Re8 20. Kf1 Rd7 21. Rxe8+ Nxe8 22. Qh5 Nf6 23. Qxc5 Bb7 24. Re1 g6 25. Qg5 Kg7 26. Re6 Ng8 27. Nh5+ Kf8 28. Qc5+ Ne7 29. Qe5 gxh5 30. Rxe7 1-0